000 00447nam a22001817a 4500
003 MPLRDC
005 20220104113850.0
008 210129b ||||| |||| 00| 0 eng d
082 _a861.57 CDKC-5
100 _a川端康成
245 _a所爱的人
_c郑秀美译
250 _a初版
260 _a
_b星光出版社
_c1985
300 _b
490 _a双子星丛书. 361
650 _a日本现代小说
942 _cBK
_o861.57 CDKC-5
999 _c2969
_d2959